000 00650nam a2200241Ia 4500
005 20250425162048.0
008 250425s9999 xx 000 0 und d
041 _aeng
082 _a515.15
100 _aPURCELL, EDWIN J.
245 0 _aCALCULUS WITH ANALYTIC GEOMETRY
250 _aS.E.
260 _aEstados Unidos
_bTHE APPLETON
_c1965
260 _aS.L.
300 _a843
500 _aEN CIBGZ-FIMCP D-30065 DONACION ING. G. ASPIAZU.
650 _aCALCULO (MATEMATICAS)
650 _aCALCULO DIFERENCIAL
650 _aCALCULO DIFERENCIAL-PROBLEMAS Y EJERCICIOS
650 _aCALCULO INTEGRAL
942 _c01
010 _a45444
999 _c221606
_d221606